| 000 | 01714nam a2200469Ii 4500 | ||
|---|---|---|---|
| 001 | DIG0000071 | ||
| 003 | NyNyDIG | ||
| 006 | m o d | ||
| 007 | cr ||||||||||| | ||
| 008 | 030724s2002 sp acfo o 000 d spa d | ||
| 020 | _z8495839261 | ||
| 020 | _z9788495839268 | ||
| 035 | _a(OCoLC)875214324 | ||
| 040 |
_aDGITA _beng _epn _cDGITA |
||
| 043 | _ae-sp--- | ||
| 050 | 0 | 4 | _aPN1997.2 eBook |
| 100 | 1 |
_aGutiérrez, Chus, _d1962- |
|
| 245 | 1 | 0 |
_aPoniente : _bguión cinematográfico / _cChus Gutiérrez ; con la participación de Icíar Bollaín. |
| 250 | _a1a. ed. en la Colección Espiral. | ||
| 264 | 1 |
_aMadrid : _bOcho y Medio, Libros de Cine, _c2002. |
|
| 300 |
_a1 online resource (159 p., [31] p. of plates) : _bill. |
||
| 336 |
_atext _btxt _2rdacontent |
||
| 337 |
_acomputer _bc _2rdamedia |
||
| 338 |
_aonline resource _bcr _2rdacarrier |
||
| 490 | 1 |
_aColección Espiral ; _v20 |
|
| 500 | _aIncludes the film scriptt, storyboards drawn by Clara León [p. 147-157] and background information on the film (artistic and technical) | ||
| 630 | 0 | 0 | _aPoniente (Motion picture) |
| 650 | 0 | _aMotion picture plays, Spanish. | |
| 650 | 0 | _aStoryboards. | |
| 650 | 0 |
_aMan-woman relationships _vDrama. |
|
| 650 | 0 |
_aRacism _vDrama. |
|
| 650 | 0 |
_aIllegal aliens _vDrama. |
|
| 655 | 0 | _aElectronic books. | |
| 700 | 1 |
_aBollain, Icíar, _d1967 |
|
| 791 | 2 |
_aDigitalia (Firm), _edistributor. |
|
| 730 | 0 | _aPoniente (Motion picture) | |
| 793 | 0 |
_gDigitalia eBook Collection: _aOcho y Medio. |
|
| 830 | 0 |
_aColección Espiral (Madrid, Spain) ; _v20. |
|
| 856 | 4 | 0 |
_3Digitalia Hispánica _uhttps://www.digitaliapublishing.com/a/407/ |
| 910 | _aPremium Collection: 2007-2012 | ||
| 942 | _cRAA | ||
| 999 |
_c229496 _d229496 |
||